A reklámajándék-értékesítés folyamatának bemutatása a Limegift Zrt. gyakorlatában

Bibliographic Details
Main Author: Mérten Nikolett
Other Authors: Hrabovszki Zsuzsa
Format: Thesis
Kulcsszavak:Reklámajándék
Értékesítés
Külkereskedelem
Limegift Zrt.
Online Access:http://dolgozattar.uni-bge.hu/15379

MARC

LEADER 00000nta a2200000 i 4500
001 dolg15379
005 20200403102419.0
008 180503suuuu hu om 000 hun d
040 |a BGE Dolgozattár Repozitórium  |b hun 
041 |a hu 
100 1 |a Mérten Nikolett 
245 1 2 |a A reklámajándék-értékesítés folyamatának bemutatása a Limegift Zrt. gyakorlatában  |c Mérten Nikolett  |h [elektronikus dokumentum] 
695 |a Reklámajándék 
695 |a Értékesítés 
695 |a Külkereskedelem 
695 |a Limegift Zrt. 
700 1 |a Hrabovszki Zsuzsa  |e ths 
856 4 0 |u http://dolgozattar.uni-bge.hu/15379/1/Szakdoga%20M.N..pdf  |z Dokumentum-elérés 
856 4 0 |u http://dolgozattar.uni-bge.hu/15379/2/HivatalosBejegyzes.pdf  |z Dokumentum-elérés